<?xml version="1.0" encoding="UTF-8"?>
<record
    xmlns:xsi="http://www.w3.org/2001/XMLSchema-instance"
    xsi:schemaLocation="http://www.loc.gov/MARC21/slim http://www.loc.gov/standards/marcxml/schema/MARC21slim.xsd"
    xmlns="http://www.loc.gov/MARC21/slim">

  <leader>02687cam a2200373 a 4500</leader>
  <controlfield tag="003">OSt</controlfield>
  <controlfield tag="005">20150309161130.0</controlfield>
  <controlfield tag="008">110915s2012    nyua          001 0 eng  </controlfield>
  <datafield tag="010" ind1=" " ind2=" ">
    <subfield code="a">  2011938966</subfield>
  </datafield>
  <datafield tag="015" ind1=" " ind2=" ">
    <subfield code="a">GBB1A5123</subfield>
    <subfield code="2">bnb</subfield>
  </datafield>
  <datafield tag="015" ind1=" " ind2=" ">
    <subfield code="a">GBB1A5123</subfield>
    <subfield code="2">dnb</subfield>
  </datafield>
  <datafield tag="016" ind1="7" ind2=" ">
    <subfield code="a">015884289</subfield>
    <subfield code="2">Uk</subfield>
  </datafield>
  <datafield tag="020" ind1=" " ind2=" ">
    <subfield code="a">9780199588053 (pbk.)</subfield>
  </datafield>
  <datafield tag="020" ind1=" " ind2=" ">
    <subfield code="a">0199588058 (pbk.)</subfield>
  </datafield>
  <datafield tag="035" ind1=" " ind2=" ">
    <subfield code="a">(OCoLC)ocn751832004</subfield>
  </datafield>
  <datafield tag="040" ind1=" " ind2=" ">
    <subfield code="a">DLC</subfield>
    <subfield code="b">eng</subfield>
    <subfield code="c">DLC</subfield>
    <subfield code="d">UKMGB</subfield>
    <subfield code="d">DEBBG</subfield>
    <subfield code="d">LOY</subfield>
    <subfield code="d">PUL</subfield>
    <subfield code="d">OCLCO</subfield>
    <subfield code="d">UKBOL</subfield>
    <subfield code="d">MUU</subfield>
    <subfield code="d">SMI</subfield>
  </datafield>
  <datafield tag="042" ind1=" " ind2=" ">
    <subfield code="a">pcc</subfield>
  </datafield>
  <datafield tag="049" ind1=" " ind2=" ">
    <subfield code="a">SMJB</subfield>
    <subfield code="n">csmr 20130715</subfield>
  </datafield>
  <datafield tag="050" ind1="0" ind2="0">
    <subfield code="a">H62</subfield>
    <subfield code="b">.B787 2012</subfield>
  </datafield>
  <datafield tag="100" ind1="1" ind2=" ">
    <subfield code="a">Bryman, Alan.</subfield>
    <subfield code="9">6155</subfield>
  </datafield>
  <datafield tag="245" ind1="1" ind2="0">
    <subfield code="a">Social research methods /</subfield>
    <subfield code="c">Alan Bryman.</subfield>
  </datafield>
  <datafield tag="250" ind1=" " ind2=" ">
    <subfield code="a">4th ed.</subfield>
  </datafield>
  <datafield tag="260" ind1=" " ind2=" ">
    <subfield code="a">Oxford ;</subfield>
    <subfield code="a">New York :</subfield>
    <subfield code="b">Oxford University Press,</subfield>
    <subfield code="c">2012.</subfield>
  </datafield>
  <datafield tag="300" ind1=" " ind2=" ">
    <subfield code="a">xli, 766 p. :</subfield>
    <subfield code="b">ill. ;</subfield>
    <subfield code="c">27 cm.</subfield>
  </datafield>
  <datafield tag="500" ind1=" " ind2=" ">
    <subfield code="a">Text accompanied by a companion web site.</subfield>
  </datafield>
  <datafield tag="504" ind1=" " ind2=" ">
    <subfield code="a">Includes bibliographical references (p. [718]-743) and indexes.</subfield>
  </datafield>
  <datafield tag="505" ind1="0" ind2=" ">
    <subfield code="a">Part One: The nature and process of social research ; Social research strategies ; Research designs ; Planning a research project and formulating research questions ; Getting started: Reviewing the literature ; Ethics and politics in social research. -- Part Two: The nature of quantitative research ; Sampling ; Structured interviewing ; Self-completion questionnaires ; Asking questions ; Structured observation ; Content analysis ; Secondary analysis and official statistics ; Quantitative data analysis ; Using SPSS for Windows. -- Part Three: The nature of qualitative research ; Sampling in qualitative research ; Ethnography and participant observation ; Interviewing in qualitative research ; Focus groups ; Language in qualitative research ; Documents as sources of data ; Qualitative data analysis ; Computer-assisted qualitative data analysis: using NVivo. -- Part Four: Breaking down the quantitative/qualitative divide ; Mixed methods research: combining quantitative and qualitative research ; E-research: Internet research methods ; Writing up social research.</subfield>
  </datafield>
  <datafield tag="520" ind1="8" ind2=" ">
    <subfield code="a">Now in its fourth edition, this textbook continues to provide students with explanation and demonstration of the main approaches and techniques in social research methods. It shows students how to assess the contexts within which different research methods may be used, and how they should be implemented.</subfield>
  </datafield>
  <datafield tag="650" ind1=" " ind2="0">
    <subfield code="a">Social sciences</subfield>
    <subfield code="x">Research.</subfield>
    <subfield code="9">3129</subfield>
  </datafield>
  <datafield tag="650" ind1=" " ind2="0">
    <subfield code="a">Social sciences</subfield>
    <subfield code="x">Methodology.</subfield>
    <subfield code="9">2962</subfield>
  </datafield>
  <datafield tag="856" ind1=" " ind2=" ">
    <subfield code="u">http://bvbr.bib-bvb.de:8991/F?func=service&amp;doc_library=BVB01&amp;doc_number=024466548&amp;line_number=0001&amp;func_code=DB_RECORDS&amp;service_type=MEDIA</subfield>
    <subfield code="z">Inhaltsverzeichnis</subfield>
  </datafield>
  <datafield tag="942" ind1=" " ind2=" ">
    <subfield code="2">lcc</subfield>
    <subfield code="c">BK</subfield>
  </datafield>
  <datafield tag="949" ind1=" " ind2=" ">
    <subfield code="l">stri</subfield>
    <subfield code="g">strimai</subfield>
    <subfield code="i">39088016887507</subfield>
    <subfield code="n">lc</subfield>
    <subfield code="t">book</subfield>
  </datafield>
  <datafield tag="999" ind1=" " ind2=" ">
    <subfield code="c">38449</subfield>
    <subfield code="d">38449</subfield>
  </datafield>
  <datafield tag="952" ind1=" " ind2=" ">
    <subfield code="0">0</subfield>
    <subfield code="1">0</subfield>
    <subfield code="2">lcc</subfield>
    <subfield code="4">0</subfield>
    <subfield code="7">0</subfield>
    <subfield code="a">NBCL</subfield>
    <subfield code="b">NBCL</subfield>
    <subfield code="c">GEN</subfield>
    <subfield code="d">2015-03-09</subfield>
    <subfield code="e">purchase regent</subfield>
    <subfield code="i">7389/15</subfield>
    <subfield code="l">5</subfield>
    <subfield code="m">1</subfield>
    <subfield code="o">H 62 .B787 2012 </subfield>
    <subfield code="p">NBCL15030439</subfield>
    <subfield code="r">2019-01-10 00:00:00</subfield>
    <subfield code="s">2018-11-09</subfield>
    <subfield code="t">1</subfield>
    <subfield code="w">2015-03-09</subfield>
    <subfield code="y">BK</subfield>
  </datafield>
  <datafield tag="952" ind1=" " ind2=" ">
    <subfield code="0">0</subfield>
    <subfield code="1">0</subfield>
    <subfield code="2">lcc</subfield>
    <subfield code="4">0</subfield>
    <subfield code="7">0</subfield>
    <subfield code="a">NBCL</subfield>
    <subfield code="b">NBCL</subfield>
    <subfield code="c">GEN</subfield>
    <subfield code="d">2015-03-09</subfield>
    <subfield code="e">purchase regent</subfield>
    <subfield code="i">7390/15</subfield>
    <subfield code="l">7</subfield>
    <subfield code="o">H 62 .B787 2012 </subfield>
    <subfield code="p">NBCL15030440</subfield>
    <subfield code="r">2023-03-28 00:00:00</subfield>
    <subfield code="s">2023-02-17</subfield>
    <subfield code="t">2</subfield>
    <subfield code="w">2015-03-09</subfield>
    <subfield code="y">BK</subfield>
  </datafield>
  <datafield tag="952" ind1=" " ind2=" ">
    <subfield code="0">0</subfield>
    <subfield code="1">0</subfield>
    <subfield code="2">lcc</subfield>
    <subfield code="4">0</subfield>
    <subfield code="7">0</subfield>
    <subfield code="a">MRCL</subfield>
    <subfield code="b">MRCL</subfield>
    <subfield code="c">GEN</subfield>
    <subfield code="d">2015-03-13</subfield>
    <subfield code="e">purchase</subfield>
    <subfield code="g">5040.00</subfield>
    <subfield code="l">38</subfield>
    <subfield code="m">9</subfield>
    <subfield code="o">H 62 .B787 2012 C1</subfield>
    <subfield code="p">MRCL15030496</subfield>
    <subfield code="r">2026-01-12 10:22:05</subfield>
    <subfield code="s">2025-12-11</subfield>
    <subfield code="t">C1</subfield>
    <subfield code="w">2015-03-13</subfield>
    <subfield code="y">SBK</subfield>
  </datafield>
  <datafield tag="952" ind1=" " ind2=" ">
    <subfield code="0">0</subfield>
    <subfield code="1">0</subfield>
    <subfield code="2">lcc</subfield>
    <subfield code="4">0</subfield>
    <subfield code="7">0</subfield>
    <subfield code="a">MRCL</subfield>
    <subfield code="b">MRCL</subfield>
    <subfield code="c">GEN</subfield>
    <subfield code="d">2015-03-13</subfield>
    <subfield code="e">purchase</subfield>
    <subfield code="g">5040.00</subfield>
    <subfield code="l">11</subfield>
    <subfield code="m">6</subfield>
    <subfield code="o">H 62 .B787 2012 C2</subfield>
    <subfield code="p">MRCL15030497</subfield>
    <subfield code="r">2023-12-04 00:00:00</subfield>
    <subfield code="s">2023-08-16</subfield>
    <subfield code="t">C2</subfield>
    <subfield code="w">2015-03-13</subfield>
    <subfield code="y">BK</subfield>
  </datafield>
</record>
